000
00293pab a2200121 454500
008
180718b xxu||||| |||| 00| 0 eng d
245
_a
Review of industry and management
300
_a
M.50-96
362
_a
26 May
650
_a
Industry
773
_a
Economic and Political Weekly
909
_a
10875
999
_c
10875
_d
10875